[Event "ICS rated blitz match"]
[Site "204.178.125.65"]
[Date "2000.11.27"]
[Round "?"]
[White "Hossa"]
[Black "Valg"]
[Result "0-1"]
[WhiteElo "2555"]
[BlackElo "2759"]
[PlyCount "150"]
[EventDate "2000.??.??"]

1. d4 d5 2. Bg5 Nf6 3. e3 e6 4. Nf3 Be7 5. Bd3 Nbd7 6. O-O O-O 7. Nbd2 c5 8. c3
b6 9. Bf4 Nh5 10. Qc2 Nxf4 11. Bxh7+ Kh8 12. exf4 Qc7 13. g3 g6 14. Bxg6 fxg6
15. Qxg6 Nf6 16. Qh6+ Nh7 17. Ne5 Rf6 18. Qh5 Ba6 19. Rfd1 Rg8 20. Nf7+ Kg7 21.
Ng5 Nxg5 22. fxg5 Rg6 23. h4 cxd4 24. cxd4 Qc2 25. Rab1 Qa4 26. b3 Qa5 27. Rbc1
Bd8 28. a4 Qb4 29. Nf3 Rh8 30. Qg4 Be2 31. Re1 Bxf3 32. Qxf3 Qxd4 33. Qe2 Qb4
34. Qa6 Qe7 35. f4 Qd7 36. Qe2 Kf7 37. h5 Rg7 38. g6+ Kf8 39. g4 Re7 40. Qe5
Rh6 41. Qf6+ Kg8 42. Qg5 Kg7 43. Qe5+ Kg8 44. Kg2 a6 45. Qg5 Rh8 46. h6 Re8 47.
Qh5 d4 48. g7 Rh7 49. Kg1 Re7 50. Qg6 d3 51. Re4 d2 52. Rd1 Qd3 53. Kf2 b5 54.
Rxe6 Bb6+ 55. Kg2 Qd5+ 56. Qe4 Qxe6 57. Qxe6+ Rxe6 58. g5 Ba5 59. axb5 axb5 60.
b4 Bxb4 61. Ra1 Rexh6 62. gxh6 Rxh6 63. Kf3 Re6 64. f5 Re1 65. Ra8+ Kxg7 66.
Rd8 d1=Q+ 67. Rxd1 Rxd1 68. Ke4 Bc5 69. Ke5 b4 70. Ke4 b3 71. Kf4 b2 72. Kg5
Rd4 73. f6+ Kf7 74. Kf5 b1=Q+ 75. Kg5 Qg6# {Hossa checkmated} 0-1

[Event "ICS rated blitz match"]
[Site "204.178.125.65"]
[Date "2000.11.27"]
[Round "?"]
[White "Valg"]
[Black "Hossa"]
[Result "1/2-1/2"]
[WhiteElo "2780"]
[BlackElo "2547"]
[PlyCount "88"]
[EventDate "2000.??.??"]

1. e4 e5 2. Nf3 Nc6 3. Bb5 a6 4. Ba4 Nf6 5. O-O Be7 6. Re1 b5 7. Bb3 O-O 8. c3
d6 9. h3 Na5 10. Bc2 c5 11. d4 Qc7 12. Nbd2 cxd4 13. cxd4 Nc6 14. d5 Nb4 15.
Bb1 a5 16. a3 Na6 17. b4 axb4 18. axb4 Bd7 19. Qb3 Nh5 20. Ba3 Nf4 21. Bd3 Qb7
22. Nf1 f5 23. Ng3 Nc7 24. Nxf5 Bxf5 25. exf5 Nxd3 26. Qxd3 Qxd5 27. Qe2 Rac8
28. g4 Kh8 29. Nd2 Qf7 30. Ne4 Qb3 31. Qe3 Qc4 32. Rac1 Qa2 33. Qa7 Nd5 34.
Rxc8 Rxc8 35. Qb7 Rf8 36. Rd1 Qxa3 37. Rxd5 Qxh3 38. Qxe7 Ra8 39. Qxd6 Ra1+ 40.
Rd1 Qxg4+ 41. Kh2 Qh4+ 42. Kg1 Qg4+ 43. Kh2 Qh4+ 44. Kg1 Qg4+ {
Game drawn by repetition} 1/2-1/2

[Event "ICS rated blitz match"]
[Site "204.178.125.65"]
[Date "2000.11.27"]
[Round "?"]
[White "Hossa"]
[Black "Valg"]
[Result "0-1"]
[WhiteElo "2556"]
[BlackElo "2761"]
[PlyCount "242"]
[EventDate "2000.??.??"]

1. e4 e5 2. Nc3 Nf6 3. Nf3 Nc6 4. Bb5 Bb4 5. O-O O-O 6. d3 d6 7. Bg5 Bxc3 8.
bxc3 Qe7 9. Re1 Nd8 10. d4 Ne6 11. Bc1 c5 12. Bc4 Rd8 13. Ba3 exd4 14. cxd4
Nxd4 15. Nxd4 cxd4 16. Qxd4 Be6 17. Be2 Rac8 18. Bd3 a6 19. Qb4 Ng4 20. Qb6 Ne5
21. Bb2 Nxd3 22. cxd3 Rc5 23. Rec1 Rdc8 24. Rxc5 dxc5 25. f4 f6 26. Bc3 Rd8 27.
d4 cxd4 28. Bxd4 Rc8 29. Qb2 Rc4 30. a3 Qc7 31. Rf1 b5 32. e5 Bd5 33. Bf2 Rxf4
34. exf6 Rxf6 35. Qd2 Qf7 36. Re1 Re6 37. Rc1 Bc4 38. Qd8+ Re8 39. Qh4 h6 40.
Bc5 Re5 41. Bd6 Re2 42. Bc5 Rxg2+ 43. Kxg2 Bd5+ 44. Kg1 Qf3 45. Qg3 Qh1+ 46.
Kf2 Qxc1 47. Qd6 Qd2+ 48. Kf1 Bc4+ 49. Kg1 Qe1+ 50. Kg2 Bf1+ 51. Kf3 Qe2+ 52.
Kf4 Qxh2+ 53. Ke3 Qe2+ 54. Kd4 h5 55. Qf8+ Kh7 56. Qf5+ Kh6 57. Qf4+ Kg6 58.
Qe4+ Qxe4+ 59. Kxe4 h4 60. Kf3 Kf5 61. Kf2 Bd3 62. Kg2 g5 63. Be7 Be4+ 64. Kh3
Kg6 65. Kg4 Bf5+ 66. Kf3 g4+ 67. Kf4 h3 68. Kg3 Bc2 69. Bb4 Kf5 70. Bc3 Ba4 71.
Bd4 Kg5 72. Be3+ Kh5 73. Kh2 Bd1 74. Bf4 Kh4 75. Bc7 Bc2 76. Bd8+ Kh5 77. Bf6
Be4 78. Kg3 Bd5 79. Kh2 Bb3 80. Be7 Kg6 81. Bc5 Ba4 82. Kg3 Bd1 83. Be3 Kf6 84.
Bc5 Kf5 85. Bd6 Ke4 86. Kh2 Kd5 87. Be7 Bf3 88. Bf6 Kc4 89. Kg3 Be4 90. Bg5 Kb3
91. Be7 Bg6 92. Bd6 Bf5 93. Bb4 Ka4 94. Kh2 Bc2 95. Kg3 a5 96. Bd6 Bd1 97. Kh2
Bb3 98. Bc5 Bg8 99. Kg3 Bd5 100. Bd6 Bf3 101. Kf2 Bc6 102. Kg3 Bd7 103. Kf2 Kb3
104. Kg3 Be6 105. Kh2 Bf5 106. Bf8 Ka4 107. Bc5 Bd3 108. Kg3 Bb1 109. Be7 Kb3
110. Bd8 b4 111. axb4 axb4 112. Bf6 Bf5 113. Bg5 Kc2 114. Kf4 h2 115. Bf6 h1=Q
116. Bd4 Qe4+ 117. Kg5 Qxd4 118. Kh5 Qf4 119. Kh4 g3+ 120. Kh5 Qg4+ 121. Kh6
Qg6# {Hossa checkmated} 0-1

[Event "ICS rated blitz match"]
[Site "204.178.125.65"]
[Date "2000.11.27"]
[Round "?"]
[White "Valg"]
[Black "Hossa"]
[Result "1-0"]
[WhiteElo "2759"]
[BlackElo "2548"]
[PlyCount "195"]
[EventDate "2000.??.??"]

1. e4 e5 2. Nf3 Nc6 3. Bb5 a6 4. Ba4 Nf6 5. O-O Be7 6. Re1 b5 7. Bb3 O-O 8. c3
d6 9. h3 Na5 10. Bc2 c5 11. d4 Qc7 12. Nbd2 cxd4 13. cxd4 Nc6 14. d5 Nb4 15.
Bb1 a5 16. a3 Na6 17. b4 axb4 18. axb4 Bd7 19. Qb3 Nh5 20. Ba3 Nf4 21. Bd3 Qb7
22. Rec1 f5 23. Kh1 Be8 24. exf5 Bf7 25. Bc2 Qa7 26. Rf1 Bxd5 27. Qb1 Rf7 28.
Qe1 Raf8 29. Qe3 Qb8 30. Rfc1 Bd8 31. Qe1 Bb6 32. Kg1 Bd4 33. Nxd4 Nxg2 34. Qe2
exd4 35. Qg4 Qd8 36. Nb3 Qf6 37. Qxd4 Qg5 38. Qg4 Nf4 39. Kh2 Qh6 40. Kg3 Nh5+
41. Kh2 Nf6 42. Qg3 Ne4 43. Bxe4 Bxe4 44. Re1 d5 45. Nd4 Bxf5 46. Bc1 Qb6 47.
Be3 Qb7 48. Nxf5 Rxf5 49. Bd4 R5f7 50. Qd6 Nb8 51. Bc5 Nd7 52. Ra7 Qb8 53. Qxb8
Rxb8 54. Bd4 g6 55. Re6 Rf4 56. Be3 Rf7 57. Rd6 Nf6 58. Ra5 Kf8 59. Bd4 Ne8 60.
Rxd5 Nc7 61. Rd6 Rf4 62. Rd7 Ke8 63. Rxc7 Rxd4 64. Rxh7 Rf4 65. Ra6 Rxf2+ 66.
Kg3 Rf7 67. Rh8+ Rf8 68. Rxf8+ Kxf8 69. Rxg6 Rd8 70. Rf6+ Ke7 71. Rf5 Rd3+ 72.
Kg4 Rd4+ 73. Rf4 Rd3 74. h4 Ke6 75. h5 Rd8 76. h6 Rh8 77. Kg5 Rg8+ 78. Kh5 Rh8
79. Rf2 Ke7 80. Rf5 Ke6 81. Rxb5 Kf6 82. Rg5 Rh7 83. b5 Rh8 84. b6 Rh7 85. Rg7
Rh8 86. b7 Rb8 87. Rg6+ Kf5 88. h7 Rh8 89. Rg7 Ke4 90. Kg6 Rf8 91. Rg8 Rf3 92.
Re8+ Kd5 93. b8=Q Rg3+ 94. Qxg3 Kc4 95. Qc7+ Kd5 96. Re5+ Kd4 97. h8=Q Kd3 98.
Qhd8# {Hossa checkmated} 1-0

[Event "ICS rated blitz match"]
[Site "204.178.125.65"]
[Date "2000.11.27"]
[Round "?"]
[White "Hossa"]
[Black "Valg"]
[Result "0-1"]
[WhiteElo "2541"]
[BlackElo "2757"]
[PlyCount "90"]
[EventDate "2000.??.??"]

1. e4 e5 2. Nf3 Nc6 3. Bb5 a6 4. Ba4 Nf6 5. O-O Be7 6. Re1 b5 7. Bb3 d6 8. c3
O-O 9. h3 Na5 10. Bc2 c5 11. d4 Qc7 12. Nbd2 cxd4 13. cxd4 Bb7 14. d5 Bc8 15.
Re3 Qd7 16. b4 Nb7 17. Bb2 a5 18. Ra3 Qd8 19. Qe2 Bd7 20. bxa5 Nxa5 21. Rc1 Nh5
22. g3 Qb8 23. Nxe5 dxe5 24. Qxh5 Bxa3 25. Bxa3 b4 26. Bb2 f6 27. a3 Rc8 28.
Bd1 Rxc1 29. Bxc1 Qc8 30. Bb2 bxa3 31. Bxa3 Qc3 32. Be2 Qxd2 33. Be7 Nb3 34.
Bf1 Ra1 35. Kg2 Ra2 36. Qf3 Nd4 37. Bb4 Bxh3+ 38. Kxh3 Qh6+ 39. Kg2 Nxf3 40.
Bc5 Ne1+ 41. Kg1 f5 42. exf5 Nf3+ 43. Kg2 e4 44. Bb5 Qh2+ 45. Kf1 Qh1# {
Hossa checkmated} 0-1

[Event "ICS rated blitz match"]
[Site "204.178.125.65"]
[Date "2000.11.27"]
[Round "?"]
[White "Valg"]
[Black "Hossa"]
[Result "1/2-1/2"]
[WhiteElo "2755"]
[BlackElo "2534"]
[PlyCount "282"]
[EventDate "2000.??.??"]

1. e4 e5 2. Nf3 Nc6 3. Bb5 a6 4. Ba4 Nf6 5. O-O Be7 6. Re1 b5 7. Bb3 d6 8. c3
O-O 9. h3 Na5 10. Bc2 c5 11. d4 Qc7 12. Nbd2 cxd4 13. cxd4 Bb7 14. d5 Bc8 15.
Nf1 Bd7 16. Ng3 Rac8 17. Bd3 Nb7 18. Be3 Qb8 19. Bc2 Bd8 20. Rc1 Ba5 21. Rf1
Nc5 22. Qe2 Qa8 23. Nh4 Qb8 24. Qf3 b4 25. Ngf5 Bd8 26. Rfe1 Kh8 27. Bb1 b3 28.
Bxc5 bxa2 29. Bxa2 Rxc5 30. Rxc5 dxc5 31. Qc3 Qb4 32. Qxb4 cxb4 33. Bc4 a5 34.
Nf3 Nxe4 35. Rxe4 Bxf5 36. Rxe5 g6 37. Re2 Bf6 38. g4 Rc8 39. Ba6 Rc1+ 40. Kg2
Bc2 41. g5 Bxb2 42. d6 Bf5 43. Rxb2 Rc6 44. Rd2 Rxa6 45. Ne5 Ra7 46. d7 Bxd7
47. Nxd7 Kg7 48. Nf6 Ra8 49. Rb2 Rb8 50. Nd7 Rb5 51. f4 a4 52. Nf6 b3 53. Ne8+
Kf8 54. Nd6 a3 55. Nxb5 a2 56. Rxb3 a1=Q 57. Nc3 Qe1 58. Nb1 Qc1 59. Rb8+ Ke7
60. Rb4 Qc2+ 61. Kg3 Qd3+ 62. Kf2 Qxh3 63. Nd2 Qh2+ 64. Ke3 Qg1+ 65. Kd3 Ke6
66. Nf3 Qf1+ 67. Ke3 Qc1+ 68. Kf2 Qc3 69. Rb5 Qa1 70. Kg3 Qa3 71. Re5+ Kd6 72.
Re1 Qc3 73. Rh1 Kd5 74. Rd1+ Kc5 75. Rh1 Qg7 76. Rc1+ Kd5 77. Rd1+ Ke4 78. Re1+
Kd3 79. Re7 Qa1 80. Rxf7 Qa3 81. Rd7+ Ke4 82. Rd4+ Ke3 83. Rd5 Qf8 84. Re5+ Kd3
85. Re6 Qa3 86. Kg4 Qa2 87. Ne1+ Kd4 88. Re5 Qf2 89. Nf3+ Kc4 90. f5 gxf5+ 91.
Rxf5 Qe2 92. Rf7 Kc5 93. Kg3 Qe4 94. Rf4 Qb1 95. Kh3 Qd3 96. Kg4 Qe2 97. Kg3
Qe6 98. Rf6 Qb3 99. Kg4 Qc4+ 100. Rf4 Qe6+ 101. Kg3 Qd6 102. Kg4 Qd7+ 103. Rf5+
Kb6 104. Ne5 Qd4+ 105. Kf3 Qd1+ 106. Kf4 Qc1+ 107. Kg4 Qg1+ 108. Kf4 Qf1+ 109.
Nf3 Qc4+ 110. Kg3 Qd3 111. Rf7 Qc2 112. Ne5 Qe4 113. Nf3 Kc6 114. Rf4 Qb1 115.
Rf7 Kd6 116. Kf4 Qc1+ 117. Kg3 Qc2 118. Rf6+ Kd5 119. Kg4 Qg2+ 120. Kf4 Qb2
121. Rf5+ Kd6 122. Rf6+ Kc5 123. Rf7 Qb4+ 124. Kg3 Qb8+ 125. Kg4 Qb1 126. Rf5+
Kd6 127. Rf4 Kd7 128. Rf7+ Ke6 129. Rf4 Qa2 130. Rf6+ Kd5 131. Rf5+ Kd6 132.
Rf6+ Kc5 133. Kg3 Qb1 134. Re6 Qb3 135. Re7 Qb1 136. Kf4 Qc1+ 137. Kg4 Qc4+
138. Kg3 Qd3 139. Rc7+ Kd6 140. Rf7 Qe4 141. Nd2 Qe5+ {
Game drawn by the 50 move rule} 1/2-1/2

[Event "ICS rated blitz match"]
[Site "204.178.125.65"]
[Date "2000.11.27"]
[Round "?"]
[White "Hossa"]
[Black "Valg"]
[Result "0-1"]
[WhiteElo "2543"]
[BlackElo "2738"]
[PlyCount "150"]
[EventDate "2000.??.??"]

1. e4 e5 2. Nf3 Nc6 3. Nc3 Nf6 4. Bb5 Bb4 5. O-O O-O 6. d3 d6 7. Bg5 Bxc3 8.
bxc3 Qe7 9. Bxc6 bxc6 10. Rb1 h6 11. Bxf6 Qxf6 12. Qe2 Be6 13. Rb7 Rfb8 14.
Rxb8+ Rxb8 15. d4 Bg4 16. dxe5 dxe5 17. Qa6 Bxf3 18. gxf3 Qxf3 19. Qxa7 Rb2 20.
Rc1 Qg4+ 21. Kf1 Qf4 22. Rd1 Qf3 23. Re1 Qh1+ 24. Ke2 Qxe4+ 25. Kf1 Qh1+ 26.
Ke2 Qxh2 27. Qa8+ Kh7 28. Qa4 Qg2 29. Ke3 Qd5 30. a3 Qc5+ 31. Kf3 Qxc3+ 32. Re3
Qxc2 33. Qxc2+ Rxc2 34. Rxe5 Kg6 35. Ra5 Rc3+ 36. Ke2 c5 37. Ra7 Rc2+ 38. Kf3
c6 39. Rc7 Rc3+ 40. Kf4 f6 41. Rxc6 h5 42. a4 h4 43. Rc8 Kh7 44. Kg4 h3 45. Rd8
Ra3 46. Rd5 Rxa4+ 47. Kxh3 c4 48. Kg2 Ra3 49. Rd4 Rc3 50. f3 Rc2+ 51. Kg3 g5
52. Kg4 Kg6 53. Rd6 c3 54. Rc6 Rc1 55. Kg3 c2 56. Kg2 Kf5 57. Rc7 g4 58. fxg4+
Kxg4 59. Rc6 f5 60. Rc5 f4 61. Rc4 Kf5 62. Rc3 Ke4 63. Rc8 f3+ 64. Kf2 Rh1 65.
Re8+ Kd5 66. Rd8+ Ke6 67. Re8+ Kd7 68. Ra8 c1=Q 69. Ra7+ Qc7 70. Ra6 Qc5+ 71.
Kg3 f2 72. Ra7+ Qxa7 73. Kf4 f1=Q+ 74. Ke5 Rh5+ 75. Ke4 Qf5# {Hossa checkmated}
0-1

[Event "ICS rated bullet match"]
[Site "204.178.125.65"]
[Date "2000.11.27"]
[Round "?"]
[White "Marpy1"]
[Black "Hossa"]
[Result "0-1"]
[WhiteElo "2257"]
[BlackElo "2621"]
[PlyCount "90"]
[EventDate "2000.??.??"]

1. d4 d5 2. Nf3 Nf6 3. c4 dxc4 4. e3 Bf5 5. Bxc4 e6 6. Nc3 Be7 7. Qb3 b6 8. d5
exd5 9. Nxd5 Bd6 10. Nxf6+ Qxf6 11. Bd2 O-O 12. Bc3 Qg6 13. Nh4 Qg4 14. Nxf5
Qxf5 15. O-O Rd8 16. Be2 Nd7 17. Bf3 Rab8 18. Rad1 Ne5 19. Bxe5 Qxe5 20. g3 Qf5
21. Kg2 Be5 22. Rxd8+ Rxd8 23. Rd1 Bd6 24. Qd3 Qe6 25. b3 c5 26. Qd5 Qxd5 27.
Bxd5 g5 28. Bf3 Kg7 29. h3 b5 30. Rc1 Kg6 31. Rd1 f5 32. g4 fxg4 33. hxg4 Kg7
34. Be4 h6 35. Bf5 a5 36. Kf3 a4 37. e4 Be7 38. Rxd8 Bxd8 39. e5 c4 40. bxc4
bxc4 41. Ke4 Bb6 42. Be6 c3 43. f3 c2 44. Bc4 c1=Q 45. Bd3 Qc6+ {Marpy1 resigns
} 0-1

[Event "ICS rated blitz match"]
[Site "204.178.125.65"]
[Date "2000.11.27"]
[Round "?"]
[White "Hossa"]
[Black "paolo67"]
[Result "1-0"]
[WhiteElo "2535"]
[BlackElo "1908"]
[PlyCount "50"]
[EventDate "2000.??.??"]

1. e4 c5 2. Nf3 Nc6 3. d4 cxd4 4. Nxd4 Nf6 5. Nxc6 dxc6 6. Qxd8+ Kxd8 7. Nc3 e5
8. Bc4 Bb4 9. Bd2 Ke7 10. a3 Bxc3 11. Bxc3 Nxe4 12. Bxe5 f6 13. Bc7 Be6 14.
Bxe6 Kxe6 15. f3 Nc5 16. O-O-O Rhe8 17. b4 Na6 18. Rhe1+ Kf7 19. Rd7+ Kg6 20.
Rxe8 Rxe8 21. Bf4 Re2 22. Rxb7 c5 23. b5 Rxg2 24. Rxa7 Nb4 25. axb4 cxb4 {
paolo67 resigns} 1-0

[Event "ICS rated bullet match"]
[Site "204.178.125.65"]
[Date "2000.11.27"]
[Round "?"]
[White "Hossa"]
[Black "Marpy1"]
[Result "1-0"]
[WhiteElo "2625"]
[BlackElo "2253"]
[PlyCount "65"]
[EventDate "2000.??.??"]

1. e4 c6 2. d4 d5 3. Nc3 dxe4 4. Nxe4 Nd7 5. Nf3 Ndf6 6. Neg5 Bf5 7. Bd3 Bxd3
8. Qxd3 e6 9. Ne5 Nh6 10. O-O Bd6 11. Nexf7 Nxf7 12. Nxe6 Qe7 13. Re1 Kd7 14.
Nc5+ Bxc5 15. dxc5+ Nd5 16. Rxe7+ Kxe7 17. c4 Nf6 18. Bf4 Rad8 19. Re1+ Kf8 20.
Bd6+ Nxd6 21. cxd6 Rd7 22. Qa3 a6 23. c5 Kf7 24. Qb3+ Kg6 25. Re7 Rxe7 26. dxe7
Re8 27. Qxb7 Kf7 28. Qxc6 Rxe7 29. Kf1 Re6 30. Qb7+ Kg6 31. c6 Nd5 32. Qd7 Ne3+
33. fxe3 {Marpy1 resigns} 1-0

[Event "ICS rated blitz match"]
[Site "204.178.125.65"]
[Date "2000.11.27"]
[Round "?"]
[White "Valg"]
[Black "Hossa"]
[Result "1-0"]
[WhiteElo "2770"]
[BlackElo "2536"]
[PlyCount "131"]
[EventDate "2000.??.??"]

1. e4 e5 2. Nf3 Nc6 3. Bb5 a6 4. Ba4 Nf6 5. O-O Be7 6. Re1 b5 7. Bb3 d6 8. c3
O-O 9. h3 Na5 10. Bc2 c5 11. d4 Qc7 12. Nbd2 cxd4 13. cxd4 Bb7 14. d5 Bc8 15.
Nf1 Bd7 16. Ng3 Rac8 17. Bd3 Nb7 18. Be3 Qb8 19. Bc2 Bd8 20. Rc1 Ba5 21. Rf1
Nc5 22. Qe2 Qa8 23. Nh4 Qb8 24. Qf3 b4 25. Nhf5 Bd8 26. Bd1 Bxf5 27. Qxf5 b3
28. axb3 Nfd7 29. Rc4 Rc7 30. b4 Nd3 31. Rc6 g6 32. Qg4 Nf6 33. Qf3 Rxc6 34.
dxc6 Nxb4 35. Ba4 Ne8 36. Bd2 Ng7 37. Qc3 a5 38. Qc4 Bb6 39. Qb5 Ne6 40. Ne2
Rc8 41. Bxb4 axb4 42. Kh2 Nd8 43. Rc1 Qa7 44. Qxb4 Bxf2 45. Qb5 Bc5 46. b4 Be3
47. Rc2 Bg5 48. Bb3 Qc7 49. Qd3 Ne6 50. Bxe6 fxe6 51. b5 Rf8 52. Qb3 Qc8 53. b6
Kf7 54. c7 Qb7 55. Qb5 Qxe4 56. Qc6 Bf4+ 57. Nxf4 Qxf4+ 58. g3 Qf1 59. b7 Kg7
60. c8=Q h5 61. b8=Q Rxc8 62. Qcxc8 Kh6 63. h4 Qh1+ 64. Kxh1 g5 65. Qxe6+ Kh7
66. Rc7# {Hossa checkmated} 1-0

[Event "ICS rated blitz match"]
[Site "204.178.125.65"]
[Date "2000.11.27"]
[Round "?"]
[White "Valg"]
[Black "Hossa"]
[Result "1-0"]
[WhiteElo "2783"]
[BlackElo "2529"]
[PlyCount "97"]
[EventDate "2000.??.??"]

1. e4 e5 2. Nf3 Nf6 3. Nxe5 d6 4. Nf3 Nxe4 5. d4 d5 6. Bd3 Nc6 7. O-O Bg4 8. c4
Nb4 9. cxd5 Nxd3 10. Qxd3 Nd6 11. Re1+ Be7 12. Qe2 Bxf3 13. gxf3 Qd7 14. Bg5 f6
15. Bf4 Nf5 16. Qc2 O-O-O 17. Bxc7 Nxd4 18. Qe4 Qxc7 19. Qxd4 Bd6 20. Na3 Bxh2+
21. Kg2 Kb8 22. Nb5 Qa5 23. a4 Bc7 24. Re6 Bb6 25. Qf4+ Ka8 26. b4 Qa6 27. d6
h5 28. Re7 Rc8 29. d7 Rcg8 30. Qc4 Kb8 31. Qxg8+ Rxg8 32. Re8+ Bd8 33. Rxg8
Qxb5 34. axb5 Kc7 35. Rxg7 Kb6 36. Rh7 h4 37. Rxh4 Be7 38. Rh7 Bd8 39. Rh8 Kc7
40. Rxa7 Be7 41. Rh7 Kd6 42. Rxb7 f5 43. d8=Q+ Bxd8 44. Rbd7+ Ke6 45. Rxd8 f4
46. b6 Kf5 47. Rd6 Kg5 48. b7 Kf5 49. Rh5# {Hossa checkmated} 1-0

[Event "ICS rated blitz match"]
[Site "204.178.125.65"]
[Date "2000.11.27"]
[Round "?"]
[White "Hossa"]
[Black "Valg"]
[Result "0-1"]
[WhiteElo "2523"]
[BlackElo "2810"]
[PlyCount "126"]
[EventDate "2000.??.??"]

1. e4 e5 2. Nf3 Nc6 3. Bb5 a6 4. Ba4 Nf6 5. O-O Be7 6. Re1 b5 7. Bb3 d6 8. c3
O-O 9. h3 Na5 10. Bc2 c5 11. d4 Qc7 12. Nbd2 cxd4 13. cxd4 Bb7 14. d5 Bc8 15.
Nf1 Bd7 16. Ng3 Rfc8 17. Bd3 Qd8 18. Rf1 h6 19. b3 Nb7 20. Be3 Nc5 21. Bc2 a5
22. Rc1 Nh7 23. Bb1 Na6 24. Qd2 Ng5 25. Nxg5 Bxg5 26. Bxg5 hxg5 27. f3 Nc5 28.
Rf2 Qf6 29. Re2 Qf4 30. Qxf4 gxf4 31. Nf1 Na6 32. Rec2 Rxc2 33. Bxc2 Rc8 34. a3
b4 35. Nd2 bxa3 36. Nc4 Nb4 37. Bd1 Bb5 38. Kh2 a2 39. Ra1 Bxc4 40. bxc4 Rxc4
41. h4 Rd4 42. Bb3 Rd2 43. Kh3 Rb2 44. Bc4 Rb1 45. Rxa2 Nxa2 46. Bxa2 Rh1+ 47.
Kg4 a4 48. Bc4 Rc1 49. Ba2 Rc2 50. Bb1 Rxg2+ 51. Kh3 Rg3+ 52. Kh2 Rxf3 53. Kg1
a3 54. Ba2 Rc3 55. Kf1 Rc1+ 56. Kg2 Rc2+ 57. Kh3 Rxa2 58. h5 f3 59. Kg3 f2 60.
h6 f1=Q 61. h7+ Kxh7 62. Kg4 Qf4+ 63. Kh3 Rh2# {Hossa checkmated} 0-1

[Event "ICS rated bullet match"]
[Site "204.178.125.65"]
[Date "2000.11.27"]
[Round "?"]
[White "Medicus"]
[Black "Hossa"]
[Result "1/2-1/2"]
[WhiteElo "2105"]
[BlackElo "2628"]
[PlyCount "62"]
[EventDate "2000.??.??"]

1. e4 c5 2. Nf3 e6 3. d4 cxd4 4. Nxd4 Nf6 5. Nc3 d6 6. g4 a6 7. g5 Nfd7 8. h4
b5 9. a3 Be7 10. Be3 O-O 11. g6 hxg6 12. h5 g5 13. h6 Bf6 14. hxg7 Kxg7 15. Bd3
Rh8 16. Rxh8 Qxh8 17. Kd2 Kg8 18. Qg1 Qg7 19. Qg2 Bxd4 20. Bxd4 Qxd4 21. Qxg5+
Qg7 22. Qd8+ Nf8 23. Qxc8 Qg5+ 24. Ke2 Qh5+ 25. Kd2 Qh2 26. Ke2 Qh5+ 27. Kd2
Qh2 28. Ke2 Qh5+ 29. Kd2 Qh2 30. Ke2 Qh5+ 31. Kd2 Qh2 {Game drawn by repetition
} 1/2-1/2

[Event "ICS rated bullet match"]
[Site "204.178.125.65"]
[Date "2000.11.27"]
[Round "?"]
[White "Hossa"]
[Black "Medicus"]
[Result "1-0"]
[WhiteElo "2614"]
[BlackElo "2119"]
[PlyCount "57"]
[EventDate "2000.??.??"]

1. e4 c5 2. Nf3 d6 3. Bb5+ Bd7 4. Bxd7+ Nxd7 5. O-O g6 6. d4 cxd4 7. Qxd4 Ngf6
8. Nc3 Bg7 9. Bg5 O-O 10. e5 Nxe5 11. Nxe5 dxe5 12. Qxe5 Re8 13. Rad1 Qb8 14.
Qxb8 Raxb8 15. Be3 a6 16. f3 Red8 17. Rfe1 Kf8 18. Bc5 Re8 19. Ba7 Rbd8 20. Bb6
Rxd1 21. Rxd1 Kg8 22. g3 e6 23. h3 Bf8 24. Kg2 Bb4 25. Ne4 Nxe4 26. fxe4 Kf8
27. Rd7 Re7 28. Rd4 a5 29. c3 {Medicus resigns} 1-0

[Event "ICS rated bullet match"]
[Site "204.178.125.65"]
[Date "2000.11.27"]
[Round "?"]
[White "Medicus"]
[Black "Hossa"]
[Result "0-1"]
[WhiteElo "2117"]
[BlackElo "2616"]
[PlyCount "34"]
[EventDate "2000.??.??"]

1. e4 e5 2. Nf3 Nc6 3. Bb5 a6 4. Ba4 Nf6 5. O-O Be7 6. c3 b5 7. Bc2 O-O 8. Re1
b4 9. d4 bxc3 10. bxc3 d6 11. h3 Rb8 12. d5 Na5 13. Nbd2 c6 14. c4 Qc7 15. Kh1
Nd7 16. Qe2 cxd5 17. cxd5 Qxc2 {Medicus resigns} 0-1

[Event "ICS rated blitz match"]
[Site "204.178.125.65"]
[Date "2000.11.27"]
[Round "?"]
[White "Valg"]
[Black "Hossa"]
[Result "1-0"]
[WhiteElo "2815"]
[BlackElo "2518"]
[PlyCount "113"]
[EventDate "2000.??.??"]

1. e4 e5 2. Nf3 Nc6 3. Bb5 a6 4. Ba4 Nf6 5. O-O Be7 6. Re1 b5 7. Bb3 d6 8. c3
O-O 9. h3 Na5 10. Bc2 c5 11. d4 Qc7 12. Nbd2 cxd4 13. cxd4 Bb7 14. d5 Bc8 15.
Nf1 Bd7 16. Ng3 Rfc8 17. Bd3 Qd8 18. Nd2 Rc7 19. Qf3 Rac8 20. Nf5 Bxf5 21. Qxf5
Nd7 22. Nf1 Nc5 23. Be2 Nd7 24. Ne3 Bh4 25. Bd2 Nb7 26. Rac1 g6 27. Qf3 Rxc1
28. Rxc1 Rxc1+ 29. Bxc1 Qa5 30. Nf1 Nbc5 31. Qg4 Bd8 32. Bd2 Qxa2 33. b4 f5 34.
exf5 Nf6 35. Qf3 Nce4 36. Be1 gxf5 37. Bd3 Qa1 38. Qe2 Bb6 39. Bxe4 Nxe4 40.
Kh2 Bd4 41. Ne3 Qc1 42. Qh5 Bxe3 43. Qe8+ Kg7 44. Qe7+ Kg6 45. Qe8+ Kg5 46.
Qe7+ Nf6 47. fxe3 Kg6 48. Bh4 Ne4 49. Qe8+ Kh6 50. Be7 Qc7 51. Qf8+ Kg6 52.
Qg8+ Kh6 53. Bf8+ Kh5 54. Qe6 Qg7 55. Bxg7 Nf6 56. Qxf5+ Kh4 57. Bxf6# {
Hossa checkmated} 1-0

[Event "ICS rated blitz match"]
[Site "204.178.125.65"]
[Date "2000.11.27"]
[Round "?"]
[White "Hossa"]
[Black "Valg"]
[Result "0-1"]
[WhiteElo "2513"]
[BlackElo "2822"]
[PlyCount "104"]
[EventDate "2000.??.??"]

1. e4 e5 2. Nf3 Nc6 3. Bb5 a6 4. Ba4 Nf6 5. O-O Be7 6. Re1 b5 7. Bb3 d6 8. c3
O-O 9. h3 Na5 10. Bc2 c5 11. d4 Qc7 12. Nbd2 cxd4 13. cxd4 Bb7 14. d5 Bc8 15.
Nf1 Bd7 16. Ng3 Rfc8 17. Bd3 Qd8 18. Nd2 Nb7 19. b4 a5 20. bxa5 Qxa5 21. Nb3
Qa4 22. Be3 Nc5 23. Nxc5 Qxd1 24. Rexd1 dxc5 25. f3 c4 26. Bc2 Ra6 27. Rdb1
Rca8 28. Rb2 c3 29. Rbb1 Rxa2 30. Rxa2 Rxa2 31. Bb3 Ra3 32. Kf2 h6 33. Ne2 b4
34. Bc4 Ba4 35. g4 Ne8 36. Rh1 Nd6 37. Ba6 c2 38. Bc1 Ra1 39. Rh2 b3 40. Bb2
Ra2 41. Bc1 Bg5 42. Rh1 Bxc1 43. Nc3 Ra1 44. Bd3 Be3+ 45. Kxe3 Rxh1 46. Ne2
Nc4+ 47. Bxc4 b2 48. Ba2 c1=Q+ 49. Kf2 Rh2+ 50. Kg3 Rxe2 51. Kh4 g6 52. Bb1
Qe1# {Hossa checkmated} 0-1

[Event "ICS rated blitz match"]
[Site "204.178.125.65"]
[Date "2000.11.27"]
[Round "?"]
[White "Hossa"]
[Black "Valg"]
[Result "1/2-1/2"]
[WhiteElo "2508"]
[BlackElo "2830"]
[PlyCount "97"]
[EventDate "2000.??.??"]

1. e4 e5 2. Nf3 Nc6 3. Bb5 a6 4. Ba4 Nf6 5. O-O Be7 6. Re1 b5 7. Bb3 d6 8. c3
O-O 9. h3 Na5 10. Bc2 c5 11. d4 Qc7 12. Nbd2 cxd4 13. cxd4 Bb7 14. Nf1 Rac8 15.
Re2 d5 16. Nxe5 dxe4 17. Bf4 Bd6 18. Ne3 Nh5 19. Bh2 g6 20. Rc1 Qe7 21. N3g4 f6
22. Bb3+ Kg7 23. Rxc8 Bxc8 24. Bc2 fxe5 25. dxe5 Bc7 26. Qc1 Be6 27. b3 Nc6 28.
Qh6+ Kg8 29. Bxe4 Nd4 30. Rd2 Qc5 31. Rd1 Ne2+ 32. Kh1 Nc3 33. Bxg6 Qe7 34.
Bxh7+ Qxh7 35. Qxe6+ Kh8 36. Rd7 Ng7 37. Qxa6 Bb8 38. Bg1 Qh4 39. Qb7 Qg5 40.
f4 Ne2 41. Be3 Nf5 42. Rh7+ Kg8 43. Nh6+ Qxh6 44. Rxh6 Nfg3+ 45. Kh2 Nf1+ 46.
Kh1 Nfg3+ 47. Kh2 Nf1+ 48. Kh1 Nfg3+ 49. Kh2 {Game drawn by repetition} 1/2-1/2

[Event "ICS rated blitz match"]
[Site "204.178.125.65"]
[Date "2000.11.27"]
[Round "?"]
[White "PostModernist"]
[Black "Hossa"]
[Result "0-1"]
[WhiteElo "2582"]
[BlackElo "2520"]
[PlyCount "101"]
[EventDate "2000.??.??"]

1. e4 e5 2. Bc4 Nf6 3. d3 Nc6 4. Nc3 Bb4 5. Nge2 d5 6. exd5 Nxd5 7. O-O Nb6 8.
Bb3 Na5 9. f4 Nxb3 10. axb3 exf4 11. Rxf4 Bc5+ 12. d4 Be7 13. Qd3 O-O 14. Be3
Be6 15. Rff1 Re8 16. Nf4 Bg4 17. h3 Bd7 18. d5 Bd6 19. Bxb6 axb6 20. Rxa8 Qxa8
21. Qf3 Re3 22. Qh5 Qe8 23. Nd3 Bg3 24. Ra1 f6 25. Qxe8+ Rxe8 26. Rf1 Kf7 27.
Rf3 Bd6 28. Kf2 g5 29. Re3 Rxe3 30. Kxe3 f5 31. Kd4 Kf6 32. b4 h5 33. b5 Be8
34. b3 h4 35. b4 Bg3 36. Kc4 Bh5 37. Kd4 Bd6 38. Kc4 Ke7 39. Kb3 Bg3 40. Nb2
Bf7 41. Nc4 Kf6 42. Ne3 Ke5 43. Ne2 Bxd5+ 44. Nxd5 Kxd5 45. c4+ Ke4 46. c5 Ke3
47. Nc3 Kf2 48. Nd1+ Kxg2 49. Ne3+ Kxh3 50. cxb6 cxb6 51. Ka4 {
PostModernist resigns} 0-1